000
00347pab a2200157 454500
008
180718b2005 xxu||||| |||| 00| 0 eng d
100
_a
Anand, Vinod
245
_a
The forthcoming budget
260
_c
2005
300
_a
p.26-30.
362
_a
19 Feb
650
_a
Budget - India
650
_a
Budget
773
_a
Mainstream
909
_a
64278
999
_c
64278
_d
64278